• 首页
  • 本馆介绍
  • 公告通知
  • 最新文献
  • 馆藏检索
  • 电子资源
  • 读者导购
  • 参考咨询
  • 我的图书馆
  • 登录
  • 详细信息显示
  • 放入我的书架
  • 预约/预借图书
  • 作者相关作品
  • 分类相关作品
  • 丛书相关作品
  • 出版社相关作品

书目信息

  • 表格格式
  • 工作单格式
  • 卡片格式
题名:
人生不过一念间
    
 
作者: 柠檬树 编著
分册:  
出版信息: 天津   天津人民出版社  2015
页数: 275页
开本: 24cm
丛书名:
单 册:
中图分类: B262-49 , B821-49
科图分类:
主题词:
电子资源:
ISBN: 978-7-201-09680-3
000 00906nam0 2200253 450
001 012001005131
005 20141007161753.0
010    @a978-7-201-09680-3@dCNY36.00
100    @a20160109d2015 em y0chiy50 ea
101 0  @achi
102    @aCN@b120000
105    @ay z 000yy
106    @ar
200 1  @a人生不过一念间@9ren sheng bu guo yi nian jian@e南怀瑾的15堂人生智慧课@f柠檬树编著
210    @a天津@c天津人民出版社@d2015
215    @a275页@d24cm
330    @a本书立足于南怀瑾先生对国学经典的讲解,详尽收录了南怀瑾大师对儒、道、佛经典文化的解读精华,并在其解读的基础上进行了适当的延伸。
517 1  @a南怀瑾的15堂人生智慧课@9nan huai jin de 15 tang ren sheng zhi hui ke
610 0  @a南怀瑾@f(1918-2012)@x人生哲学@j通俗读物
690    @aB262-49@v5
690    @aB821-49@v5
701  0 @a柠檬树@9ning meng shu@4编著
801  0 @aCN@b上海新华@c20180901
905    @b1172778-82@dB262-49@e122@f5
    
    人生不过一念间:南怀瑾的15堂人生智慧课/柠檬树编著.-天津:天津人民出版社,2015
    275页;24cm
    
    
    ISBN 978-7-201-09680-3:CNY36.00
    本书立足于南怀瑾先生对国学经典的讲解,详尽收录了南怀瑾大师对儒、道、佛经典文化的解读精华,并在其解读的基础上进行了适当的延伸。
●
相关链接 在E读中查询图书 在五车中查询图书 在当当中查询图书 在豆瓣中查询图书


正题名:人生不过一念间     索取号:B262-49/122         预约/预借

序号 登录号 条形码 馆藏地/架位号 状态 备注
1 1172778   211727782   第一样本阅览室/ [索取号:B262-49/122] 在馆    
2 1172779   211727791   第一借阅区/ [索取号:B262-49/122] 在馆    
3 1172780   211727808   第一借阅区/ [索取号:B262-49/122] 在馆    
4 1172781   211727817   第一借阅区/ [索取号:B262-49/122] 在馆    
5 1172782   211727826   第一借阅区/ [索取号:B262-49/122] 在馆    
唐山师范学院图书馆 欢迎您!
大连网信软件有限公司© 版权所有